A Avó e a Escola (Registo nº 4405)

Detalhes MARC
000 -Etiqueta do registo
Cabeçalho 00540nam a2200217 4500
005 - Identificador da versão
Campo de controlo 20240813122100.0
010 ## - Número internacional normalizado dos livros (ISBN)
Número (ISBN) 9789896471354
021 ## - Número do Depósito Legal
Código do país PT
Número 304088/09
100 ## - Dados gerais de processamento
Dados gerais de processamento 20110502d2010 c y0pory5003 ba
102 ## - Pais de publicação ou produção
País de publicação Portugal
101 0# - Língua de publicação
Língua do texto, banda sonora, etc. Português
215 ## - Descrição física 
Indicação específica da natureza do documento e extensão da espécie 35 p
200 1# - Titulo e menção de responsabilidade
Título próprio A Avó e a Escola
Primeira menção de responsabilidade Odete Praça
Outras menções de responsabilidade il. Abigail Ascenso
225 1# - Colecção 
Título próprio da colecção Pasta Mágica
210 ## - Publicação, Distribuição, etc. 
Lugar da edição, distribuição, etc. Porto
Nome do editor, distribuidor, etc. Areal Editores
Data da publicação, distribuição, etc. 2010
701 #1 - Nome de autor-pessoa física (co-responsabilidade principal)
Palavra de ordem Ascenso
Outra parte do nome não tomada para palavra de ordem Abigail
Código de função Ilustrador / Técnico de desenho computorizado
700 #1 - Nome de autor-pessoa física (responsabilidade principal)
Número de registo de entrada de autoridade 0001229
Palavra de ordem Praça
Outra parte do nome não tomada para palavra de ordem Odete
942 ## - Elementos de entrada adicionados (Koha)
Tipo de item no Koha Livro
Exemplares
Situação do levantamento Origin of item (home branch) (coded) Biblioteca de empréstimo Código de barras Cota Circulation type (not for loan) Tipo de documento Nota do exemplar Damaged status
  Biblioteca Escolar das Vendas Biblioteca Escolar das Vendas BEV2359 8POR PRA   Livro Sem mensagem